Terza Declinazione latina - Terzo gruppo - Statistics

Statistiche generali
  • Questo quiz è stato fatto 22 volte
  • Il punteggio medio è 11 su 12
Statistiche sulle risposte
Caso Singolare % Corretto
Nominativo Animal
100%
Accusativo Animal
100%
Vocativo Animal
100%
Dativo Animali
100%
Genitivo Animalis
100%
Ablativo Animali
95%
Nominativo Animalia
85%
Dativo Animalibus
85%
Genitivo Animalium
85%
Accusativo Animalia
80%
Vocativo Animalia
80%
Ablativo Animalibus
75%
Nessun quiz corrispondente trovato
Distribuzione punteggi
Percentuale di utenti per punteggio
Percentile per numero di risposta
I tuoi punteggi nel tempo
Non hai fatto questo quiz